Liczby 1-10 po fińsku - Statystyki

Ogólne statystyki
  • Ten quiz został rozwiązany 10 razy
  • Średni wynik to 8 z 10
Statystyki odpowiedzi
Polski Fiński % Poprawnych
Dwa Kaksi
100%
Jeden Yksi
100%
Trzy Kolme
83%
Sześć Kuusi
83%
Pięć Viisi
83%
Dziesięć Kymmenen
67%
Cztery Neljä
67%
Siedem Seitsemän
67%
Osiem Kahdeksan
50%
Dziewięć Yhdeksän
50%
Nie znaleziono quizów pasujących do podanych kryteriów
Rozkład punktacji
Procent ludzi z każdym wynikiem
Percentyl według liczby udzielonych odpowiedzi
Twoja historia wyników
Nie rozwiązałeś tego quizu